Applied Probability Models With Optimization Applications (Record no. 2468)

MARC details
000 -LEADER
fixed length control field 00590nam a2200205Ia 4500
003 - CONTROL NUMBER IDENTIFIER
control field NG-AbAUS
008 - FIXED-LENGTH DATA ELEMENTS--GENERAL INFORMATION
fixed length control field 130729s9999 xx 000 0 und d
020 ## - INTERNATIONAL STANDARD BOOK NUMBER
International Standard Book Number 9780486673141
072 ## - SUBJECT CATEGORY CODE
Subject category code Stochastic Processes,Markov Process and Sequential Decision Theory
082 ## - DEWEY DECIMAL CLASSIFICATION NUMBER
Classification number 519.2 R7338
100 ## - MAIN ENTRY--PERSONAL NAME
Personal name Ross, Sheldon M.
9 (RLIN) 1008
245 ## - TITLE STATEMENT
Title Applied Probability Models With Optimization Applications
245 ## - TITLE STATEMENT
Statement of responsibility, etc [by] Ross, Sheldon M.
260 ## - PUBLICATION, DISTRIBUTION, ETC. (IMPRINT)
Place of publication, distribution, etc New York
260 ## - PUBLICATION, DISTRIBUTION, ETC. (IMPRINT)
Name of publisher, distributor, etc Dover
260 ## - PUBLICATION, DISTRIBUTION, ETC. (IMPRINT)
Date of publication, distribution, etc 1970
300 ## - PHYSICAL DESCRIPTION
Extent Pp 195
300 ## - PHYSICAL DESCRIPTION
Type of unit Illustration,index,reference & graph
942 ## - ADDED ENTRY ELEMENTS (KOHA)
Item type Book
Source of classification or shelving scheme Dewey Decimal Classification
Holdings
Withdrawn status Lost status Source of classification or shelving scheme Damaged status Not for loan Home library Current library Shelving location Date acquired Total Checkouts Full call number Barcode Date last seen Copy number Price effective from Koha item type
    Dewey Decimal Classification     Institute of Mathematics Library Institute of Mathematics Library Institute of Mathematics Library 07/05/2014   519.2 R7338 0142 07/05/2014 1 07/05/2014 Book